[Event "Hastings Masters 2016/17"]
[Site "Hastings, England"]
[Date "2017.01.03"]
[Round "7.29"]
[White "White, Stuart A"]
[Black "Ramsdal, Jens Albert"]
[Result "1-0"]
[WhiteElo "1999"]
[BlackElo "2190"]
[PlyCount "0"]
[EventDate "2016.12.28"]

1. d4 {[%clk 1:40:57]} Nf6 {[%clk 1:39:02]} 2. c4 {[%clk 1:41:21]} g6
{[%clk 1:39:26]} 3. Nc3 {[%clk 1:41:46]} Bg7 {[%clk 1:39:54]} 4. e4
{[%clk 1:42:08]} d6 {[%clk 1:40:21]} 5. Nf3 {[%clk 1:42:33]} O-O {[%clk 1:40:39]}
6. h3 {[%clk 1:42:59]} c5 {[%clk 1:40:01]} 7. d5 {[%clk 1:43:22]} e6
{[%clk 1:40:25]} 8. Bd3 {[%clk 1:43:40]} exd5 {[%clk 1:40:52]} 9. exd5
{[%clk 1:44:03]} Re8+ {[%clk 1:41:17]} 10. Be3 {[%clk 1:44:28]} Bh6
{[%clk 1:41:30]} 11. O-O {[%clk 1:44:48]} Bxe3 {[%clk 1:41:58]} 12. fxe3
{[%clk 1:45:10]} Qe7 {[%clk 1:42:20]} 13. e4 {[%clk 1:44:23]} Nbd7
{[%clk 1:42:46]} 14. Rf2 {[%clk 1:32:02]} Rf8 {[%clk 1:41:05]} 15. Qe2
{[%clk 1:12:24]} Ne5 {[%clk 1:37:31]} 16. Nxe5 {[%clk 1:12:39]} Qxe5
{[%clk 1:37:52]} 17. Nb1 {[%clk 1:06:17]} Nh5 {[%clk 1:31:47]} 18. Nd2
{[%clk 1:03:38]} Nf4 {[%clk 1:16:21]} 19. Qe3 {[%clk 1:01:20]} Nxd3
{[%clk 1:16:31]} 20. Qxd3 {[%clk 1:01:41]} Qxb2 {[%clk 1:16:42]} 21. Raf1
{[%clk 0:58:53]} Qe5 {[%clk 1:08:38]} 22. Qb3 {[%clk 0:50:53]} Rb8
{[%clk 1:06:50]} 23. Qb5 {[%clk 0:49:30]} Qe7 {[%clk 0:59:21]} 24. Qa5
{[%clk 0:45:48]} b6 {[%clk 0:59:02]} 25. Qc3 {[%clk 0:45:11]} Bd7
{[%clk 0:58:58]} 26. Qf6 {[%clk 0:33:28]} Rbe8 {[%clk 0:54:19]} 27. Qxe7
{[%clk 0:33:12]} Rxe7 {[%clk 0:54:48]} 28. Rf6 {[%clk 0:33:35]} b5
{[%clk 0:55:15]} 29. Rxd6 {[%clk 0:31:21]} bxc4 {[%clk 0:55:33]} 30. Rc1
{[%clk 0:30:06]} f5 {[%clk 0:49:39]} 31. e5 {[%clk 0:29:33]} Bb5 {[%clk 0:48:34]}
32. e6 {[%clk 0:26:28]} Kg7 {[%clk 0:48:44]} 33. a4 {[%clk 0:21:18]} Bxa4
{[%clk 0:49:10]} 34. Rxc4 {[%clk 0:21:39]} Bb5 {[%clk 0:47:43]} 35. Rxc5
{[%clk 0:21:54]} Rb8 {[%clk 0:46:21]} 36. Nf3 {[%clk 0:20:36]} Kf6
{[%clk 0:46:17]} 37. Nd4 {[%clk 0:18:08]} Be8 {[%clk 0:39:28]} 38. Ra6
{[%clk 0:18:05]} Ke5 {[%clk 0:36:19]} 39. Nf3+ {[%clk 0:12:45]} Kf6
{[%clk 0:34:47]} 40. Ra1 {[%clk 0:07:25]} Rb5 {[%clk 0:29:16]} 41. Rxb5
{[%clk 0:06:01]} Bxb5 {[%clk 0:29:44]} 42. Rd1 {[%clk 0:00:35]} Be2
{[%clk 0:27:13]} 43. Rd2 {[%clk 0:49:29]} Bxf3 {[%clk 1:12:54]} 44. gxf3
{[%clk 0:49:55]} Rb7 {[%clk 1:12:57]} 45. Kf2 {[%clk 0:47:44]} a5
{[%clk 1:10:42]} 46. Ra2 {[%clk 0:40:00]} Rb5 {[%clk 1:09:36]} 47. Re2
{[%clk 0:40:15]} Ke7 {[%clk 1:08:05]} 48. d6+ {[%clk 0:40:25]} Ke8
{[%clk 1:08:31]} 49. Rc2 {[%clk 0:39:41]} Rb8 {[%clk 1:08:37]} 50. Rc7
{[%clk 0:39:20]} Rd8 {[%clk 1:08:42]} 51. Re7+ {[%clk 0:38:14]} Kf8
{[%clk 1:09:07]} 52. Rf7+ {[%clk 0:38:40]} Kg8 {[%clk 1:09:13]} 53. d7 1-0

[Event "Hastings Masters 2016/17"]
[Site "Hastings, England"]
[Date "2017.01.03"]
[Round "7.30"]
[White "Gaudeau, Valentin"]
[Black "Pickersgill, Adrian O"]
[Result "1-0"]
[WhiteElo "2182"]
[BlackElo "1985"]
[PlyCount "0"]
[EventDate "2016.12.28"]

1. d4 {[%clk 1:40:55]} d6 {[%clk 1:40:52]} 2. Nf3 {[%clk 1:40:49]} Bg4
{[%clk 1:41:10]} 3. c4 {[%clk 1:41:05]} Nd7 {[%clk 1:41:22]} 4. Nc3
{[%clk 1:40:29]} Ngf6 {[%clk 1:38:24]} 5. g3 {[%clk 1:40:31]} e5 {[%clk 1:30:35]}
6. Bg2 {[%clk 1:40:49]} c6 {[%clk 1:30:46]} 7. h3 {[%clk 1:41:12]} Bh5
{[%clk 1:31:03]} 8. g4 {[%clk 1:36:24]} Bg6 {[%clk 1:31:26]} 9. Nh4
{[%clk 1:36:38]} Ne4 {[%clk 1:12:58]} 10. Nxg6 {[%clk 1:21:42]} Nxc3
{[%clk 1:13:14]} 11. bxc3 {[%clk 1:15:01]} hxg6 {[%clk 1:13:35]} 12. Qb3
{[%clk 1:15:16]} Qc7 {[%clk 1:11:26]} 13. Rb1 {[%clk 1:14:24]} O-O-O
{[%clk 1:02:34]} 14. Qa4 {[%clk 1:10:32]} a6 {[%clk 1:02:37]} 15. O-O
{[%clk 1:07:41]} f5 {[%clk 0:59:38]} 16. Bg5 {[%clk 1:00:01]} Re8
{[%clk 0:59:32]} 17. Rb2 {[%clk 0:59:30]} Be7 {[%clk 0:58:03]} 18. Rfb1
{[%clk 0:57:30]} e4 {[%clk 0:48:45]} 19. Bxe7 {[%clk 0:51:39]} Rxe7
{[%clk 0:48:54]} 20. gxf5 {[%clk 0:48:39]} Nf6 {[%clk 0:41:14]} 21. Rxb7
{[%clk 0:46:55]} Qxb7 {[%clk 0:41:34]} 22. Rxb7 {[%clk 0:47:18]} Kxb7
{[%clk 0:41:48]} 23. Qb4+ {[%clk 0:46:12]} Kc7 {[%clk 0:41:28]} 24. c5
{[%clk 0:46:02]} dxc5 {[%clk 0:36:05]} 25. Qxc5 {[%clk 0:45:26]} Ree8
{[%clk 0:35:11]} 26. Qa7+ {[%clk 0:43:17]} Kd6 {[%clk 0:34:48]} 27. Qc5+
{[%clk 0:37:07]} Kd7 {[%clk 0:34:15]} 28. fxg6 {[%clk 0:36:54]} Re7
{[%clk 0:33:27]} 29. c4 {[%clk 0:37:02]} Rh5 {[%clk 0:32:26]} 30. Qa7+
{[%clk 0:37:11]} Kd6 {[%clk 0:31:37]} 31. c5+ {[%clk 0:33:47]} Ke6
{[%clk 0:31:35]} 32. Qxa6 {[%clk 0:34:12]} Kd5 {[%clk 0:30:23]} 33. e3
{[%clk 0:34:24]} Rg5 {[%clk 0:29:51]} 34. Kh2 {[%clk 0:32:35]} Rxg6
{[%clk 0:29:53]} 35. Bf1 {[%clk 0:32:32]} Ke6 {[%clk 0:29:09]} 36. Bc4+
{[%clk 0:30:36]} Kf5 {[%clk 0:29:26]} 37. Qxc6 {[%clk 0:28:10]} Kg5
{[%clk 0:29:46]} 38. Qc8 {[%clk 0:27:25]} Re8 {[%clk 0:28:52]} 39. Qc7
{[%clk 0:27:04]} Rh8 {[%clk 0:28:09]} 40. Qf4+ {[%clk 0:27:13]} Kh5
{[%clk 0:28:06]} 41. Be2+ {[%clk 0:27:05]} Ng4+ {[%clk 0:27:15]} 42. Bxg4+
{[%clk 0:27:26]} Kh4 {[%clk 0:27:18]} 43. Bf3+ {[%clk 0:27:07]} Rg4
{[%clk 0:27:31]} 44. Qxg4# 1-0

[Event "Hastings Masters 2016/17"]
[Site "Hastings, England"]
[Date "2017.01.03"]
[Round "7.31"]
[White "Burrows, Martin P"]
[Black "Spanton, Tim R"]
[Result "1/2-1/2"]
[WhiteElo "2124"]
[BlackElo "1976"]
[PlyCount "0"]
[EventDate "2016.12.28"]

1. e4 {[%clk 1:40:58]} e5 {[%clk 1:40:53]} 2. Bc4 {[%clk 1:41:22]} Bc5
{[%clk 1:41:19]} 3. Nc3 {[%clk 1:41:15]} Nf6 {[%clk 1:41:17]} 4. d3
{[%clk 1:41:08]} Nc6 {[%clk 1:39:45]} 5. f4 {[%clk 1:40:38]} d6 {[%clk 1:38:40]}
6. Nf3 {[%clk 1:40:20]} Ng4 {[%clk 1:35:12]} 7. Qe2 {[%clk 1:39:31]} Nd4
{[%clk 1:34:07]} 8. Nxd4 {[%clk 1:39:10]} Bxd4 {[%clk 1:34:01]} 9. f5
{[%clk 1:35:14]} h5 {[%clk 1:28:13]} 10. g3 {[%clk 1:18:26]} Bf2+
{[%clk 1:18:18]} 11. Kf1 {[%clk 1:12:46]} Bd4 {[%clk 1:16:47]} 12. h3
{[%clk 1:11:43]} Nf6 {[%clk 1:16:18]} 13. Kg2 {[%clk 1:07:16]} c6
{[%clk 1:12:24]} 14. Bg5 {[%clk 1:04:53]} b5 {[%clk 1:07:34]} 15. Bb3
{[%clk 1:04:40]} a5 {[%clk 1:07:15]} 16. a4 {[%clk 1:02:19]} b4 {[%clk 1:06:32]}
17. Nd1 {[%clk 1:02:26]} Qb6 {[%clk 1:03:04]} 18. Rb1 {[%clk 0:59:56]} Qc7
{[%clk 0:58:45]} 19. c3 {[%clk 0:59:55]} Bc5 {[%clk 0:58:12]} 20. Ne3
{[%clk 0:51:29]} Bxe3 {[%clk 0:56:20]} 21. Bxe3 {[%clk 0:47:56]} Ba6
{[%clk 0:54:24]} 22. Qd2 {[%clk 0:47:00]} Rb8 {[%clk 0:52:56]} 23. Rhe1
{[%clk 0:46:07]} c5 {[%clk 0:52:00]} 24. Bf2 {[%clk 0:34:15]} Qc6
{[%clk 0:46:24]} 25. Qe2 {[%clk 0:31:15]} Ke7 {[%clk 0:42:55]} 26. Qf3
{[%clk 0:28:02]} c4 {[%clk 0:31:27]} 27. dxc4 {[%clk 0:24:10]} Bxc4
{[%clk 0:30:55]} 28. Bxc4 {[%clk 0:22:23]} Qxc4 {[%clk 0:31:18]} 29. cxb4
{[%clk 0:22:00]} Qxb4 {[%clk 0:30:48]} 30. g4 {[%clk 0:14:43]} hxg4
{[%clk 0:27:42]} 31. hxg4 {[%clk 0:15:10]} Qxa4 {[%clk 0:27:13]} 32. g5
{[%clk 0:15:08]} Nh5 {[%clk 0:26:49]} 33. Be3 {[%clk 0:09:21]} Qc2+
{[%clk 0:24:57]} 34. Kg1 {[%clk 0:08:33]} Rxb2 {[%clk 0:23:33]} 35. Rxb2
{[%clk 0:08:58]} Qxb2 {[%clk 0:23:57]} 36. Rc1 {[%clk 0:07:01]} Qb7
{[%clk 0:15:46]} 37. f6+ {[%clk 0:05:33]} gxf6 {[%clk 0:15:55]} 38. gxf6+
{[%clk 0:05:46]} Kf8 {[%clk 0:15:17]} 39. Qf5 {[%clk 0:01:45]} Rg8+
{[%clk 0:14:04]} 40. Bg5 {[%clk 0:01:41]} Qb6+ {[%clk 0:11:06]} 41. Kg2
{[%clk 0:35:33]} Qb2+ {[%clk 0:58:18]} 42. Kf3 {[%clk 0:34:14]} Qa3+
{[%clk 0:55:15]} 43. Kf2 {[%clk 0:34:12]} Qb2+ {[%clk 0:49:43]} 44. Ke1
{[%clk 0:31:38]} Qb4+ {[%clk 0:48:57]} 45. Kd1 {[%clk 0:28:34]} Qd4+
{[%clk 0:47:53]} 46. Kc2 1/2-1/2

[Event "Hastings Masters 2016/17"]
[Site "Hastings, England"]
[Date "2017.01.03"]
[Round "7.32"]
[White "Larsen, Andreas"]
[Black "Trevelyan, John"]
[Result "1/2-1/2"]
[WhiteElo "1976"]
[BlackElo "2082"]
[PlyCount "0"]
[EventDate "2016.12.28"]

1. e4 {[%clk 1:40:57]} d6 {[%clk 1:40:46]} 2. d4 {[%clk 1:39:26]} e5
{[%clk 1:40:45]} 3. Nf3 {[%clk 1:39:03]} Nf6 {[%clk 1:41:00]} 4. Nc3
{[%clk 1:38:34]} Nbd7 {[%clk 1:41:21]} 5. Be3 {[%clk 1:30:41]} Be7
{[%clk 1:40:58]} 6. Be2 {[%clk 1:29:15]} c6 {[%clk 1:41:01]} 7. h3
{[%clk 1:27:23]} O-O {[%clk 1:40:56]} 8. Qd2 {[%clk 1:25:00]} h6 {[%clk 1:40:26]}
9. g4 {[%clk 1:23:03]} b5 {[%clk 1:36:38]} 10. Bd3 {[%clk 1:19:04]} a6
{[%clk 1:32:17]} 11. Ne2 {[%clk 1:11:40]} Bb7 {[%clk 1:30:09]} 12. Ng3
{[%clk 1:11:28]} exd4 {[%clk 1:27:20]} 13. Bxh6 {[%clk 1:09:58]} gxh6
{[%clk 1:24:25]} 14. Qxh6 {[%clk 1:10:00]} Ne5 {[%clk 1:23:55]} 15. Nxe5
{[%clk 1:09:10]} dxe5 {[%clk 1:24:17]} 16. Nf5 {[%clk 1:09:30]} Ne8
{[%clk 1:24:20]} 17. g5 {[%clk 1:08:41]} Bxg5 {[%clk 1:18:19]} 18. Rg1
{[%clk 1:08:53]} f6 {[%clk 1:18:43]} 19. Rxg5+ {[%clk 1:05:29]} fxg5
{[%clk 1:18:52]} 20. Qg6+ {[%clk 1:05:52]} Kh8 {[%clk 1:19:11]} 21. Qh6+
{[%clk 1:06:16]} Kg8 {[%clk 1:19:33]} 22. Qg6+ {[%clk 1:06:41]} Kh8
{[%clk 1:19:55]} 23. Qh6+ {[%clk 1:07:05]} 1/2-1/2

[Event "Hastings Masters 2016/17"]
[Site "Horntye Park Sports Complex, B"]
[Date "2017.01.03"]
[Round "7.34"]
[White "Krueger, Norbert"]
[Black "Press, Harry"]
[Result "1/2-1/2"]
[WhiteElo "2046"]
[BlackElo "1826"]
[PlyCount "46"]
[EventDate "2016.12.28"]

1. e4 c5 2. c3 d5 3. exd5 Qxd5 4. d4 Nf6 5. Nf3 Bg4 6. Be2 e6 7. h3 Bh5 8. O-O
Nc6 9. Be3 cxd4 10. cxd4 Be7 11. Nc3 Qd6 12. Qb3 O-O 13. a3 a6 14. Rfd1 Rfd8
15. Qa2 b5 16. b4 Rac8 17. Rac1 h6 18. Qb3 Bg6 19. Ne1 Ne4 20. Bf3 Ng5 21. Be2
Ne4 22. Bf3 Ng5 23. Be2 Ne4 1/2-1/2

[Event "Hastings Masters 2016/17"]
[Site "Horntye Park Sports Complex, B"]
[Date "2017.01.03"]
[Round "7.35"]
[White "Howell, Oliver W"]
[Black "Raddatz, Michael"]
[Result "1-0"]
[WhiteElo "1575"]
[BlackElo "2028"]
[PlyCount "55"]
[EventDate "2016.12.28"]

1. Nf3 c5 2. c4 Nc6 3. g3 e5 4. Nc3 f5 5. Bg2 Nf6 6. d3 d6 7. O-O Be7 8. a3 O-O
9. Rb1 a5 10. Nb5 e4 11. dxe4 Nxe4 12. Nd2 Nf6 13. Nf3 Be6 14. Bf4 Ne4 15. b3
Na7 16. Nxa7 Rxa7 17. Qd3 a4 18. Nd2 Nxd2 19. Bxd2 axb3 20. Rxb3 Qd7 21. Rfb1
Rb8 22. Bd5 Bf6 23. Qxf5 Kf7 24. Bg5 b5 25. Bxf6 Bxd5 26. Qxd5+ Kxf6 27. Rf3+
Kg6 28. g4 1-0

[Event "Hastings Masters 2016/17"]
[Site "Horntye Park Sports Complex, B"]
[Date "2017.01.03"]
[Round "7.36"]
[White "Rice, Chris B"]
[Black "Warnke, Klaus"]
[Result "1-0"]
[WhiteElo "2002"]
[BlackElo "1695"]
[PlyCount "59"]
[EventDate "2016.12.28"]

1. c4 Nf6 2. g3 g6 3. Bg2 Bg7 4. Nc3 d6 5. d3 c6 6. Bg5 Be6 7. e4 Qc8 8. Rc1
Na6 9. Nd5 Nc7 10. Nxf6+ Bxf6 11. Bxf6 exf6 12. Qd2 Qd7 13. Qc3 Qe7 14. Ne2 O-O
15. O-O Bd7 16. Rfe1 Rfe8 17. d4 f5 18. Nf4 fxe4 19. Rxe4 Qf6 20. Rce1 Rxe4 21.
Rxe4 Re8 22. Rxe8+ Nxe8 23. Qe3 Ng7 24. Ne2 Bf5 25. Nc3 Qd8 26. h4 Qd7 27. b4
a6 28. d5 cxd5 29. Nxd5 Be6 30. Nf6+ 1-0

[Event "Hastings Masters 2016/17"]
[Site "Horntye Park Sports Complex, B"]
[Date "2017.01.03"]
[Round "7.37"]
[White "Dilleigh, Stephen P"]
[Black "Sikkel, Dirk"]
[Result "1/2-1/2"]
[WhiteElo "2038"]
[BlackElo "1956"]
[PlyCount "66"]
[EventDate "2016.12.28"]

1. Nf3 g6 2. c4 Bg7 3. d4 d6 4. e4 e5 5. Nc3 Nc6 6. Bg5 f6 7. Be3 Nh6 8. dxe5
dxe5 9. Qxd8+ Kxd8 10. O-O-O+ Bd7 11. h3 Kc8 12. c5 Nf7 13. Bc4 Nfd8 14. a3 Be6
15. Bd5 Ne7 16. Bxe6+ Nxe6 17. b4 a6 18. Nd5 Re8 19. Rhe1 Kb8 20. g3 Ka7 21.
Nxe7 Rxe7 22. Rd5 c6 23. Rd6 Rae8 24. Red1 Kb8 25. Kc2 Bf8 26. R6d2 Kc7 27. Kb3
Rd8 28. Rxd8 Nxd8 29. Bc1 Rd7 30. Rxd7+ Kxd7 31. Kc4 Ne6 32. Be3 Be7 33. Ne1 f5
1/2-1/2

[Event "Hastings Masters 2016/17"]
[Site "Horntye Park Sports Complex, B"]
[Date "2017.01.03"]
[Round "7.38"]
[White "Ruane, Brendan J"]
[Black "Snape, Ian L"]
[Result "0-1"]
[WhiteElo "1867"]
[BlackElo "2222"]
[PlyCount "44"]
[EventDate "2016.12.28"]

1. e4 Nf6 2. e5 Nd5 3. d4 d6 4. c4 Nb6 5. exd6 cxd6 6. Nc3 g6 7. Be3 Bg7 8. Rc1
O-O 9. b3 f5 10. f4 e5 11. c5 exd4 12. Bxd4 Qe7+ 13. Nce2 Bxd4 14. Qxd4 dxc5
15. Qxc5 Qxc5 16. Rxc5 Na6 17. Rc2 Be6 18. Nd4 Nb4 19. Rd2 Bd5 20. Ngf3 Rad8
21. Be2 Bxf3 22. Bxf3 Rxd4 0-1

[Event "Hastings Masters 2016/17"]
[Site "Horntye Park Sports Complex, B"]
[Date "2017.01.03"]
[Round "7.39"]
[White "Wilson, Matthew R"]
[Black "Norinkeviciute, Rasa"]
[Result "0-1"]
[WhiteElo "1791"]
[BlackElo "1994"]
[Annotator "Barnes,Lara"]
[PlyCount "64"]
[EventDate "2016.12.28"]

1. e4 c5 2. Nc3 d6 3. f4 g6 4. Nf3 Bg7 5. Bb5+ Bd7 6. Bc4 Nc6 7. O-O Na5 8. Be2
Nf6 9. d3 O-O 10. Qe1 Bg4 11. Qh4 Nc6 12. f5 Bxf3 13. Rxf3 Nd4 14. Rh3 Nxe2+
15. Nxe2 Qb6 16. Nf4 Rfc8 17. Nd5 Nxd5 18. Qxh7+ Kf8 19. Bh6 Ke8 20. Qxg7 c4+
21. Kh1 Nf6 22. fxg6 fxg6 23. Qxg6+ Kd7 24. d4 Qxb2 25. Rf1 Qxc2 26. Qf5+ Kd8
27. Bg5 Qxe4 28. Bxf6 Qxf5 29. Bxe7+ Kxe7 30. Rxf5 Rc7 31. Re3+ Kd7 32. Rf7+
Kc6 {score sheet illegible} 0-1

[Event "Hastings Masters 2016/17"]
[Site "Horntye Park Sports Complex, B"]
[Date "2017.01.03"]
[Round "7.40"]
[White "Boardman, Jeffrey"]
[Black "Dennis, Nigel W"]
[Result "1-0"]
[WhiteElo "1984"]
[BlackElo "1818"]
[PlyCount "109"]
[EventDate "2016.12.28"]

1. e4 c5 2. Nc3 Nc6 3. Bb5 g6 4. Nf3 Bg7 5. O-O Nd4 6. Bd3 d6 7. Nxd4 Bxd4 8.
Ne2 Bg7 9. Bb5+ Bd7 10. Bxd7+ Qxd7 11. d4 cxd4 12. Nxd4 Nf6 13. Qd3 O-O 14. f3
a6 15. a4 Rac8 16. Be3 Qc7 17. c3 Nd7 18. Qd2 Ne5 19. Qe2 Qc4 20. Rfd1 Qxe2 21.
Nxe2 Nc4 22. Bc1 Na5 23. Bg5 Rfe8 24. Rd5 Nc4 25. b3 Nb6 26. Rd3 Nd7 27. Rb1
Nc5 28. Rd2 Ne6 29. Bh4 g5 30. Be1 Bxc3 31. Nxc3 Rxc3 32. Rxd6 Rc2 33. Rd2 Rxd2
34. Bxd2 Rc8 35. Rc1 Rxc1+ 36. Bxc1 Nd4 37. Kf2 Nxb3 38. Bxg5 f6 39. Be3 Kf7
40. Ke2 Ke6 41. Kd3 Kd6 42. Kc3 Na5 43. f4 e6 44. g4 Nc6 45. Bb6 Nb8 46. a5 Nd7
47. Be3 Nc5 48. Bxc5+ Kxc5 49. g5 fxg5 50. fxg5 b5 51. axb6 Kxb6 52. h4 Kc5 53.
h5 Kd6 54. g6 hxg6 55. h6 1-0

[Event "Hastings Masters 2016/17"]
[Site "Horntye Park Sports Complex, B"]
[Date "2017.01.03"]
[Round "7.42"]
[White "Spice, Alan P"]
[Black "Reher, Wolfgang"]
[Result "1-0"]
[WhiteElo "2081"]
[BlackElo "1832"]
[PlyCount "51"]
[EventDate "2016.12.28"]

1. e4 e6 2. d4 b6 3. Bd3 Bb7 4. Qe2 d5 5. e5 c5 6. c3 Ne7 7. f4 g6 8. Nf3 Nf5
9. Be3 Nc6 10. a3 h5 11. O-O Be7 12. b4 c4 13. Bc2 Bc8 14. Nbd2 Kd7 15. a4 Kc7
16. Bf2 Nb8 17. Nxc4 Bd7 18. Ne3 a6 19. Bd3 Kb7 20. Rfb1 Qc7 21. c4 Nxe3 22.
Bxe3 Rc8 23. c5 Ka7 24. Nd2 Be8 25. Nb3 Bf8 26. b5 1-0

[Event "Hastings Masters 2016/17"]
[Site "Horntye Park Sports Complex, B"]
[Date "2017.01.03"]
[Round "7.43"]
[White "Sugden, John N"]
[Black "Witt, Holger"]
[Result "1-0"]
[WhiteElo "2071"]
[BlackElo "1628"]
[PlyCount "65"]
[EventDate "2016.12.28"]

1. d4 Nf6 2. c4 g6 3. Nc3 Bg7 4. e4 d6 5. f3 O-O 6. Bg5 c5 7. d5 e6 8. Qd2 exd5
9. cxd5 a6 10. a4 Nbd7 11. Nh3 Ne5 12. Nf2 b6 13. Be2 Qe8 14. O-O h5 15. h3 Nh7
16. Bh6 f5 17. Bxg7 Kxg7 18. f4 Nf7 19. exf5 gxf5 20. Bxh5 Nf6 21. Bf3 Nh6 22.
Rfe1 Qg6 23. Re7+ Rf7 24. Rxf7+ Kxf7 25. Rb1 Bd7 26. b4 b5 27. axb5 axb5 28.
bxc5 dxc5 29. d6 b4 30. Bxa8 bxc3 31. Qxc3 Ne4 32. Nxe4 fxe4 33. Bd5+ 1-0

[Event "Hastings Masters 2016/17"]
[Site "Horntye Park Sports Complex, B"]
[Date "2017.01.03"]
[Round "7.45"]
[White "Gunn, Michael J"]
[Black "Dean, Michael J"]
[Result "1/2-1/2"]
[WhiteElo "1671"]
[BlackElo "1515"]
[PlyCount "85"]
[EventDate "2016.12.28"]

1. e4 d5 2. exd5 Qxd5 3. Nf3 Nf6 4. c4 Qd8 5. d4 e6 6. Be2 Bb4+ 7. Bd2 Bxd2+ 8.
Nbxd2 O-O 9. O-O b6 10. Qc2 Bb7 11. Rad1 Nbd7 12. Nb1 Be4 13. Qc1 c6 14. Nc3
Bg6 15. Ne5 Qc7 16. Nxg6 fxg6 17. Bf3 Rac8 18. Rfe1 Rfe8 19. Qg5 a6 20. d5 exd5
21. cxd5 Ne5 22. Be2 h6 23. Qd2 cxd5 24. Bxa6 Rcd8 25. Bb5 Rf8 26. h3 Nc4 27.
Bxc4 Qxc4 28. b3 Qc5 29. Qd4 Qc6 30. Re5 Qd7 31. Qxb6 d4 32. Na4 d3 33. Nc5 Qd6
34. Qxd6 Rxd6 35. Rxd3 Rxd3 36. Nxd3 Rd8 37. Re3 Nd5 38. Rf3 Nc3 39. a4 Ne2+
40. Kf1 Nd4 41. Rf4 Nxb3 42. Ne1 g5 43. Rb4 1/2-1/2